Can Google Read Minds? Quiz Stats

 Plays Quiz Updated Feb 15, 2019

Support Sporcle.
Go Orange.
Score 0/40 Timer 08:00
3 Plays Today
% Correct
Are…
84.1%
How many…
83.9%
Why…
83.8%
What…
83.7%
Who…
83.6%
Is there…
82.8%
When was…
82.6%
Whose…
81.9%
How…
81.8%
When will…
81.7%
How far…
81.2%
When…
81.1%
Am I…
81.1%
Why are…
78.6%
Are there…
78.5%
What was…
77.8%
How much…
77.7%
When did…
77.2%
Can…
76.5%
At what…
75.6%
% Correct
Which side…
75.2%
Who was…
73.1%
Who should…
72.2%
Can anyone…
67.7%
Which…
67%
Why did…
66.9%
Were we…
65.8%
What kind of…
65.6%
WTF are…
63.4%
How possible…
63.3%
Didn't you…
62.7%
Why will…
61.9%
Why didn't…
61.2%
What's with…
59.9%
Who can…
59.3%
Where is...
58.1%
Why can't…
57.6%
Who needs…
56.1%
How did…
54.8%
What about…
54.5%

From the Vault

World's Most Boring Quiz Ever

by Pilgab

We think yawns are just silent screams for coffee.
Remove Ads.
Support Sporcle.
Get the best of Sporcle when you Go Orange. This ad-free experience offers more features, more stats, and more fun while also helping to support Sporcle. Thank you for becoming a member.

Show Comments

Extras

Top Quizzes Today


Score Distribution

Your Account Isn't Verified!

In order to create a playlist on Sporcle, you need to verify the email address you used during registration. Go to your Sporcle Settings to finish the process.

Report this User

Report this user for behavior that violates our Community Guidelines.

Details: